[Event "Oberliga Bayern 2122"]
[Site "Bayern"]
[Date "2022.03.13"]
[Round "6.6"]
[White "Xiong, Ferdinand"]
[Black "Haeussler, Philipp"]
[Result "1-0"]
[WhiteElo "2230"]
[BlackElo "2126"]
[PlyCount "63"]
[EventDate "2021.10.24"]
[EventType "team-tourn"]
[EventRounds "9"]
[EventCountry "GER"]
[SourceTitle "EXT 2024"]
[Source "ChessBase"]
[SourceDate "2023.10.10"]
[SourceVersion "1"]
[SourceVersionDate "2023.10.10"]
[SourceQuality "1"]
[WhiteTeam "Muenchen Suedost"]
[BlackTeam "Pang/Rosenheim"]
[WhiteTeamCountry "GER"]
[BlackTeamCountry "GER"]

1. Nf3 d5 2. g3 Nf6 3. Bg2 e6 4. 0-0 Be7 5. d3 0-0 6. Nbd2 c5 7. e4 Nc6 8. Re1 b5 9. a4 b4 10. e5 Nd7 11. Nf1 a5 12. h4 Ba6 13. h5 Nd4 14. Nxd4 cxd4 15. Qg4 Kh8 16. h6 g6 17. Qxd4 Rc8 18. Ne3 Bc5 19. Qf4 Bxe3 20. Bxe3 Rxc2 21. Rac1 b3 22. Qd4 Qc7 23. Bxd5 exd5 24. e6+ f6 25. exd7 Qxd7 26. Rxc2 bxc2 27. Bg5 Kg8 28. Bxf6 Qe6 29. Rxe6 c1Q+ 30. Kg2 Qxh6 31. Qxd5 Qh5 32. Re5+ 1-0

[Event "Oberliga Bayern 1920"]
[Site "Bayern"]
[Date "2020.03.01"]
[Round "7.6"]
[White "Haeussler, Philipp"]
[Black "Kordts, Wolfgang"]
[Result "1/2-1/2"]
[WhiteElo "2104"]
[BlackElo "2103"]
[PlyCount "91"]
[EventDate "2019.10.20"]
[EventType "team-tourn"]
[EventRounds "9"]
[EventCountry "GER"]
[SourceTitle "EXT 2021"]
[Source "ChessBase"]
[SourceDate "2020.10.23"]
[SourceVersion "1"]
[SourceVersionDate "2020.10.23"]
[SourceQuality "1"]
[WhiteTeam "Pang/Rosenheim"]
[BlackTeam "Nuernberg Sued SW"]
[WhiteTeamCountry "GER"]
[BlackTeamCountry "GER"]

1. Nf3 c5 2. b3 Nf6 3. Bb2 g6 4. Bxf6 exf6 5. c4 Bg7 6. Nc3 0-0 7. g3 b6 8. Bg2 Bb7 9. 0-0 Nc6 10. Ne1 Rb8 11. Nc2 Ne7 12. Ne3 Bxg2 13. Kxg2 f5 14. Rc1 d6 15. Ned5 Nxd5 16. Nxd5 Qd7 17. e3 Qe6 18. Qf3 Rbd8 19. d3 Qe5 20. Rc2 Rfe8 21. b4 Rd7 22. a4 cxb4 23. d4 Qe4 24. Nxb4 Rc8 25. Rfc1 h5 26. h4 Bf6 27. Nd5 Kg7 28. Qxe4 fxe4 29. f3 exf3+ 30. Kxf3 Bd8 31. e4 Bf6 32. Ke3 Re8 33. Kd3 Bd8 34. Re2 Rb7 35. Rb1 Rd7 36. Rb5 Re6 37. Nf4 Ree7 38. Rd5 Bc7 39. Rc2 Bb8 40. a5 bxa5 41. Rxa5 Rb7 42. Nd5 Rb3+ 43. Rc3 Reb7 44. Rxb3 Rxb3+ 45. Nc3 Rb2 46. Nd5 1/2-1/2

[Event "Oberliga Bayern 1920"]
[Site "Bayern"]
[Date "2019.11.24"]
[Round "3.5"]
[White "Hitzler, Philipp"]
[Black "Haeussler, Philipp"]
[Result "1/2-1/2"]
[WhiteElo "2249"]
[BlackElo "2104"]
[PlyCount "35"]
[EventDate "2019.10.20"]
[EventType "team-tourn"]
[EventRounds "9"]
[EventCountry "GER"]
[SourceTitle "EXT 2021"]
[Source "ChessBase"]
[SourceDate "2020.10.23"]
[SourceVersion "1"]
[SourceVersionDate "2020.10.23"]
[SourceQuality "1"]
[WhiteTeam "Regensburg Post/Sued"]
[BlackTeam "Pang/Rosenheim"]
[WhiteTeamCountry "GER"]
[BlackTeamCountry "GER"]

1. d4 d5 2. c4 e6 3. Nf3 Nf6 4. Nc3 a6 5. Bg5 dxc4 6. e4 b5 7. e5 h6 8. Bh4 g5 9. Nxg5 hxg5 10. Bxg5 Be7 11. exf6 Bxf6 12. Qf3 Bxg5 13. Qxa8 Qxd4 14. Ne4 Be7 15. Nc3 Bb4 16. Qf3 Bb7 17. Rd1 Qe5+ 18. Qe3 1/2-1/2

[Event "Erbendorf op"]
[Site "Erbendorf"]
[Date "2009.06.13"]
[Round "6"]
[White "Haeussler, Philipp"]
[Black "Gaponenko, Inna"]
[Result "0-1"]
[WhiteElo "1977"]
[BlackElo "2428"]
[PlyCount "44"]
[EventDate "2009.06.11"]
[EventType "swiss"]
[EventRounds "7"]
[EventCountry "GER"]
[SourceTitle "CBM 130 Extra"]
[Source "ChessBase"]
[SourceDate "2009.07.02"]
[SourceVersion "2"]
[SourceVersionDate "2009.07.15"]
[SourceQuality "1"]

1. d4 Nf6 2. Bg5 Ne4 3. Bf4 c5 4. f3 Qa5+ 5. c3 Nf6 6. d5 Qb6 7. e4 Qxb2 8. Nd2 Qxc3 9. Bc7 d6 10. Ne2 Qd3 11. Rb1 b6 12. Bxb8 Rxb8 13. Qa4+ Nd7 14. Qxa7 g6 15. Ng3 Qe3+ 16. Be2 Bh6 17. Ngf1 Qc3 18. Bb5 0-0 19. Bxd7 Rb7 20. Qa8 Rxd7 21. Rxb6 Bxd2+ 22. Nxd2 Qc1+ 0-1

[Event "Erbendorf op"]
[Site "Erbendorf"]
[Date "2009.06.11"]
[Round "1"]
[White "Gebhardt, Daniel"]
[Black "Haeussler, Philipp"]
[Result "0-1"]
[WhiteElo "1081"]
[BlackElo "1977"]
[PlyCount "38"]
[EventDate "2009.06.11"]
[EventType "swiss"]
[EventRounds "7"]
[EventCountry "GER"]
[SourceTitle "CBM 130 Extra"]
[Source "ChessBase"]
[SourceDate "2009.07.02"]
[SourceVersion "2"]
[SourceVersionDate "2009.07.15"]
[SourceQuality "1"]

1. e4 e6 2. Nf3 d5 3. exd5 exd5 4. d4 Bg4 5. Nc3 c6 6. Qd3 Bd6 7. h3 Bh5 8. Be2 Bg6 9. Qe3+ Ne7 10. Bd3 0-0 11. 0-0 Nf5 12. Bxf5 Bxf5 13. Qe2 Re8 14. Be3 Nd7 15. Qd2 h6 16. Ne2 Qf6 17. c3 Bxh3 18. gxh3 Qxf3 19. Nf4 Re4 0-1

[Event "Erbendorf op"]
[Site "Erbendorf"]
[Date "2009.06.11"]
[Round "2"]
[White "Haeussler, Philipp"]
[Black "Delitzsch, Juergen"]
[Result "1-0"]
[WhiteElo "1977"]
[BlackElo "2237"]
[PlyCount "82"]
[EventDate "2009.06.11"]
[EventType "swiss"]
[EventRounds "7"]
[EventCountry "GER"]
[SourceTitle "CBM 130 Extra"]
[Source "ChessBase"]
[SourceDate "2009.07.02"]
[SourceVersion "2"]
[SourceVersionDate "2009.07.15"]
[SourceQuality "1"]

1. d4 Nf6 2. Bg5 Ne4 3. Bf4 c5 4. d5 Qb6 5. Bc1 g6 6. f3 Nf6 7. e4 d6 8. Nd2 Bg7 9. Nc4 Qd8 10. a4 0-0 11. Ne2 Nbd7 12. Nc3 Rb8 13. Be2 b6 14. 0-0 a6 15. f4 Qc7 16. Ne3 Bb7 17. Bc4 Ra8 18. Qe2 Rfe8 19. Bd2 Kh8 20. Rae1 e6 21. Qf3 Re7 22. b3 Rae8 23. g4 exd5 24. Ncxd5 Nxd5 25. Nxd5 Bxd5 26. exd5 Bd4+ 27. Kg2 Qb7 28. Rxe7 Rxe7 29. c3 Bg7 30. Qd3 b5 31. axb5 axb5 32. Bxb5 Nf6 33. Bc6 Qxb3 34. Rb1 Qa2 35. Rb8+ Ng8 36. c4 h6 37. Re8 Rxe8 38. Bxe8 Qa7 39. g5 Qe7 40. Qe3 Qxe3 41. Bxe3 hxg5 1-0

[Event "GER-chT U16"]
[Site "Greifswald"]
[Date "2003.12.30"]
[Round "7.4"]
[White "Nikol, Christoph"]
[Black "Haeussler, Philipp"]
[Result "1/2-1/2"]
[WhiteElo "1468"]
[BlackElo "1705"]
[PlyCount "85"]
[EventDate "2003.12.27"]
[EventType "team-swiss"]
[EventRounds "7"]
[EventCountry "GER"]
[SourceTitle "EXT 2022"]
[Source "ChessBase"]
[SourceDate "2021.10.06"]
[SourceVersion "1"]
[SourceVersionDate "2021.10.06"]
[SourceQuality "1"]
[WhiteTeam "Apolda TSG U16"]
[BlackTeam "Pang/Rosenheim U16"]
[WhiteTeamCountry "GER"]
[BlackTeamCountry "GER"]

1. e4 e6 2. d4 d5 3. Nd2 Bd7 4. e5 c5 5. c3 Qb6 6. Ndf3 cxd4 7. cxd4 Ne7 8. Bd3 Bb5 9. Ne2 Bxd3 10. Qxd3 Nbc6 11. 0-0 Rc8 12. Be3 Nf5 13. g4 Nxe3 14. fxe3 Be7 15. Nc3 0-0 16. g5 a6 17. h4 Qd8 18. Qe2 b5 19. Nd1 Nb4 20. Qg2 Nc2 21. Rb1 Nb4 22. a3 Nc6 23. b4 Nb8 24. Rb3 Nd7 25. Nf2 a5 26. Ng4 axb4 27. axb4 Rc4 28. Nd2 Rxb4 29. Nh6+ Kh8 30. Nxf7+ Rxf7 31. Rxf7 Qe8 32. g6 Rxb3 33. Nxb3 Nf8 34. h5 h6 35. Qf3 Kg8 36. Rf4 Bg5 37. Rg4 Nxg6 38. hxg6 Qxg6 39. Kh2 Qc2+ 40. Rg2 Qxb3 41. Re2 Qa3 42. Qg4 Qe7 43. e4 1/2-1/2

[Event "GER-chT U16"]
[Site "Greifswald"]
[Date "2003.12.29"]
[Round "6.4"]
[White "Haeussler, Philipp"]
[Black "Augner, Claas"]
[Result "1-0"]
[WhiteElo "1705"]
[BlackElo "1392"]
[PlyCount "107"]
[EventDate "2003.12.27"]
[EventType "team-swiss"]
[EventRounds "7"]
[EventCountry "GER"]
[SourceTitle "EXT 2022"]
[Source "ChessBase"]
[SourceDate "2021.10.06"]
[SourceVersion "1"]
[SourceVersionDate "2021.10.06"]
[SourceQuality "1"]
[WhiteTeam "Pang/Rosenheim U16"]
[BlackTeam "Conweiler U16"]
[WhiteTeamCountry "GER"]
[BlackTeamCountry "GER"]

1. d4 Nf6 2. Nf3 g6 3. g3 Bg7 4. Bg2 0-0 5. 0-0 d6 6. c4 Nbd7 7. Nc3 c5 8. d5 a6 9. a4 b6 10. e4 Qc7 11. Re1 Re8 12. Bf4 Ng4 13. Nd2 Nge5 14. Qe2 Nf8 15. h3 f5 16. Be3 fxe4 17. Ndxe4 Rb8 18. f4 Nf7 19. Bf2 Bb7 20. Rad1 e5 21. Qf3 exf4 22. gxf4 Nd7 23. Re2 Re7 24. Rde1 Rbe8 25. Bh4 Nfe5 26. fxe5 Rxe5 27. Qd3 Rf5 28. Nf6+ Nxf6 29. Rxe8+ Nxe8 30. Rxe8+ Rf8 31. Rxf8+ Kxf8 32. Qf3+ Kg8 33. Bf6 Qf7 34. Bxg7 Kxg7 35. Qxf7+ Kxf7 36. Ne4 Ke7 37. Bf3 Bc8 38. Bg4 Bxg4 39. hxg4 h6 40. Kf2 h5 41. gxh5 gxh5 42. Kg3 Kd7 43. Kh4 Kc7 44. Kxh5 b5 45. axb5 axb5 46. b3 bxc4 47. bxc4 Kc8 48. Kg6 Kd7 49. Kf7 Kc7 50. Ke7 Kb8 51. Kxd6 Ka7 52. Kxc5 Kb7 53. d6 Kc8 54. Kc6 1-0